Nebezpečné odpady - nakladanie, legislatíva a ciele odpadového hospodárstva SR

Možnosti nakladania s nebezpečným odpadom, súvisiaca legislatíva a aktuálne zmeny v danej oblasti, plány odpadového hospodárstva a prehľad produkcie nebezpečných odpadov v Slovenskej republike.

Gespeichert in:
Bibliographische Detailangaben
1. Verfasser: Drotárová, Jozefína
Format: Buchkapitel
Sprache:Slowakisch
Schlagworte:
Tags: Tag hinzufügen
Keine Tags, Fügen Sie das erste Tag hinzu!

MARC

LEADER 00000nla a2200000 4500
001 0182920
005 20221020084503.9
041 0 |a slo 
044 |a SK 
245 1 0 |a Nebezpečné odpady - nakladanie, legislatíva a ciele odpadového hospodárstva SR  |c Jozefína Drotárová 
520 |a Možnosti nakladania s nebezpečným odpadom, súvisiaca legislatíva a aktuálne zmeny v danej oblasti, plány odpadového hospodárstva a prehľad produkcie nebezpečných odpadov v Slovenskej republike. 
610 2 0 |a Slovensko 
610 2 0 |a hospodárstvo odpadové 
610 2 0 |a látky nebezpečné 
610 2 0 |a likvidácia odpadu 
610 2 0 |a recyklácia odpadu 
610 2 0 |a bezpečnosť environmentálna 
610 2 0 |a legislatíva 
100 1 |a Drotárová, Jozefína